[Event "9th WCh U20 Girls"]
[Site "Mamaia ROM"]
[Date "1991.??.??"]
[Round "?"]
[White "Villegas, Sandra"]
[Black "Deno, Mara"]
[Result "1/2-1/2"]
[WhiteElo "2025"]
[BlackElo "2150"]
[EventDate "1991.08.??"]
[PlyCount "145"]

1.e4 c5 2.Nf3 d6 3.d4 cxd4 4.Nxd4 Nf6 5.Nc3 g6 6.Be3 Bg7 7.Bc4 Nc6 8.f3 
Qb6 9.Nf5 Qxb2 10.Nxg7+ Kf8 11.Nd5 Kxg7 12.O-O Qa3 13.Qd2 Rd8 14.Rfb1 Qa5 
15.Bh6+ Kh8 16.Qxa5 Nxa5 17.Nxf6 Nxc4 18.Nd5 Rd7 19.Rb4 Na5 20.Ra4 b6 21.
Bd2 Rb8 22.Bc3+ Kg8 23.Bxa5 bxa5 24.Rxa5 Rb2 25.Rc1 Rdb7 26.h3 Be6 27.a3 
Bxd5 28.Rxd5 R7b5 29.c4 Rb7 30.Ra5 Ra2 31.Kh2 Kf8 32.a4 h5 33.Rb5 Rb6 34.
Rcb1 Rxa4 35.Rxb6 axb6 36.Rxb6 Rxc4 37.Rb8+ Kg7 38.Kg3 Rc2 39.Rb5 h4+ 40.
Kh2 Kf6 41.Rd5 Ke6 42.Rg5 Rc5 43.Rg4 Rh5 44.Kg1 Ke5 45.Kf2 Kd4 46.Ke2 Ke5 
47.Ke3 g5 48.f4+ gxf4+ 49.Rxf4 f6 50.Rg4 f5 51.exf5 Kxf5 52.Rf4+ Ke6 53.
Rg4 Kd5 54.Rd4+ Kc5 55.Ra4 e5 56.Ra5+ Kb6 57.Rd5 Kc6 58.Ke4 Rg5 59.Rd2 Kd7
60.Kd5 Rg3 61.Ra2 Rc3 62.Ra7+ Rc7 63.Ra4 Rc2 64.Ra7+ Rc7 65.Ra4 Rc2 66.
Ra7+ Kc8 67.Kxd6 Rxg2 68.Kxe5 Rg3 69.Kf4 Rxh3 70.Kg4 Rh1 71.Ra3 Kd7 72.Rh3
Rxh3 73.Kxh3 1/2-1/2

[Event "9th WCh U20 Girls"]
[Site "Mamaia ROM"]
[Date "1991.??.??"]
[Round "?"]
[White "Deno, Mara"]
[Black "Kunte, Mrunalini"]
[Result "1/2-1/2"]
[WhiteElo "2150"]
[BlackElo "2020"]
[EventDate "1991.08.??"]
[PlyCount "41"]

1.e4 c5 2.Nf3 e6 3.d4 cxd4 4.Nxd4 a6 5.Bd3 Nf6 6.O-O d6 7.Nc3 Be7 8.a4 b6 
9.Kh1 Bb7 10.f4 Qc7 11.Rf3 Nc6 12.Nxc6 Bxc6 13.Qe2 O-O 14.Bxa6 Nxe4 15.
Nxe4 Bxe4 16.Qxe4 Rxa6 17.f5 Ra5 18.Be3 Rxf5 19.Rxf5 exf5 20.Qxf5 Bf6 21.
c3 1/2-1/2

[Event "9th WCh U20 Girls"]
[Site "Mamaia ROM"]
[Date "1991.??.??"]
[Round "?"]
[White "Lewandowska, Katarzyna"]
[Black "Villegas, Sandra"]
[Result "0-1"]
[WhiteElo "2145"]
[BlackElo "2025"]
[EventDate "1991.08.??"]
[PlyCount "111"]

1.d4 Nf6 2.Nf3 e6 3.c4 d5 4.Nc3 Nbd7 5.cxd5 exd5 6.Bg5 h6 7.Bh4 c6 8.e3 
Bd6 9.Bd3 O-O 10.Qc2 Re8 11.g4 g5 12.Bg3 Bxg3 13.hxg3 Nxg4 14.Bf5 Ndf6 15.
Bxc8 Rxc8 16.Ne5 Qe7 17.O-O-O Nxe5 18.dxe5 Ng4 19.Rd4 Qe6 20.Rxg4 Qxg4 21.
Rxh6 Kf8 22.Qh7 Ke7 23.Qg7 Rg8 24.Qf6+ Ke8 25.Rh7 Qe6 26.Qxe6+ fxe6 27.
Rxb7 Rf8 28.Nd1 Rf7 29.Rb4 Kd7 30.g4 c5 31.Ra4 Rc7 32.Kd2 Rb7 33.Ke2 Kc6 
34.Ra6+ Rb6 35.Ra4 Rb4 36.Ra6+ Rb6 37.Ra4 a6 38.f4 gxf4 39.exf4 d4 40.Kf3 
Kb5 41.b3 Rb8 42.Nf2 Rbf8 43.Nd3 Rh7 44.Nf2 Rh2 45.Ne4 Rh3+ 46.Kg2 Rh6 47.
Nd6+ Kb6 48.Nc4+ Ka7 49.Kg3 Rh1 50.Kg2 Rc1 51.f5 exf5 52.g5 f4 53.Kf3 Rc3+
54.Ke4 f3 55.g6 f2 56.Nd2 0-1

[Event "9th WCh U20 Girls"]
[Site "Mamaia ROM"]
[Date "1991.??.??"]
[Round "?"]
[White "Limbach, Renate"]
[Black "Villegas, Sandra"]
[Result "1-0"]
[WhiteElo "2145"]
[BlackElo "2025"]
[EventDate "1991.08.??"]
[PlyCount "85"]

1.e4 e6 2.Nf3 d5 3.e5 c5 4.b4 cxb4 5.a3 Nc6 6.axb4 Bxb4 7.c3 Be7 8.d4 Bd7 
9.Bd3 Na5 10.h4 f5 11.g4 Qb6 12.gxf5 exf5 13.Bf4 Rc8 14.Qc2 g6 15.Qa2 Nb3 
16.Qxa7 Qc6 17.Ra2 b6 18.Bc2 Na5 19.Qa6 Nc4 20.Ba4 b5 21.Qxc6 Bxc6 22.Bc2 
h5 23.Rg1 Kf7 24.Ng5+ Bxg5 25.Bxg5 Rc7 26.Bf4 Re7 27.Nd2 Nh6 28.Nf3 Ng4 
29.Ng5+ Kg7 30.Ke2 Rb8 31.Nh3 Kh7 32.Bg5 Ree8 33.f3 Nh6 34.Bf6 Nf7 35.Bxf5
Rg8 36.Bd3 Bd7 37.Nf4 Rge8 38.Nxg6 Kh6 39.Bg5+ Nxg5 40.hxg5+ Kg7 41.Ra7 
Nb6 42.Nf4 Ra8 43.Nxh5+ 1-0

[Event "9th WCh U20 Girls"]
[Site "Mamaia ROM"]
[Date "1991.??.??"]
[Round "?"]
[White "Johansson, Viktoria"]
[Black "Domuta, Adriana"]
[Result "1-0"]
[WhiteElo "2130"]
[BlackElo "2035"]
[EventDate "1991.08.??"]
[PlyCount "59"]

1.d4 d5 2.c4 e6 3.Nf3 c6 4.g3 dxc4 5.Bg2 Nf6 6.O-O b5 7.a4 Bb7 8.Ne5 a6 9.
Nc3 Nd5 10.Na2 Bd6 11.f4 O-O 12.e4 Ne7 13.Nc3 Nd7 14.Be3 f6 15.Nf3 b4 16.
Ne2 c5 17.Nd2 c3 18.bxc3 bxc3 19.Nc4 Nb6 20.Nxb6 Qxb6 21.Rb1 Qa7 22.Qb3 
Bc8 23.Qxc3 cxd4 24.Bxd4 Qc7 25.e5 Qxc3 26.Nxc3 fxe5 27.fxe5 Bxe5 28.Rxf8+
Kxf8 29.Bxe5 Ra7 30.Ne4 1-0

[Event "9th WCh U20 Girls"]
[Site "Mamaia ROM"]
[Date "1991.??.??"]
[Round "?"]
[White "Kunte, Mrunalini"]
[Black "Lewandowska, Katarzyna"]
[Result "1-0"]
[WhiteElo "2020"]
[BlackElo "2145"]
[EventDate "1991.08.??"]
[PlyCount "64"]

1.d4 f5 2.c4 Nf6 3.Nc3 g6 4.Nf3 Bg7 5.g3 O-O 6.Bg2 d6 7.O-O Nc6 8.Re1 e5 
9.d5 Ne7 10.e3 h6 11.Qc2 g5 12.b4 a5 13.bxa5 Rxa5 14.a4 Nd7 15.Ba3 Nc5 16.
Bb4 Ra6 17.Red1 Bd7 18.Nb5 e4 19.Nfd4 Nd3 20.Ba3 c5 21.dxc6 bxc6 22.Nc3 c5
23.Ndb5 Qa5 24.Bf1 Bxc3 25.Nxc3 Bxa4 26.Nxa4 Qxa4 27.Bxd3 exd3 28.Qxd3 Qc6
29.Bb2 Rxa1 30.Bxa1 d5 31.cxd5 c4 32.Qd4 Qg6 1-0

[Event "9th WCh U20 Girls"]
[Site "Mamaia ROM"]
[Date "1991.??.??"]
[Round "?"]
[White "Berntsen, Sheila Barth"]
[Black "Domuta, Adriana"]
[Result "1/2-1/2"]
[WhiteElo "2125"]
[BlackElo "2035"]
[EventDate "1991.08.??"]
[PlyCount "59"]

1.d4 d5 2.Bf4 Bf5 3.e3 e6 4.Bd3 Bxd3 5.Qxd3 c6 6.Nf3 Nd7 7.O-O Ngf6 8.Nbd2
Be7 9.h3 O-O 10.e4 dxe4 11.Nxe4 Nxe4 12.Qxe4 Nf6 13.Qd3 Nd5 14.Be5 Bf6 15.
c4 Nb6 16.Qb3 Bxe5 17.dxe5 Qe7 18.a4 Qc5 19.a5 Qxc4 20.Qxc4 Nxc4 21.Rfc1 
Nxb2 22.Rab1 Nd3 23.Rd1 Rad8 24.Rxb7 Nc5 25.Rxd8 Nxb7 26.Rd7 Nxa5 27.Rxa7 
Nb3 28.Rb7 Na5 29.Ra7 Nb3 30.Rb7 1/2-1/2

[Event "9th WCh U20 Girls"]
[Site "Mamaia ROM"]
[Date "1991.??.??"]
[Round "?"]
[White "Orita, Ana-Maria"]
[Black "Johansson, Viktoria"]
[Result "0-1"]
[WhiteElo "2025"]
[BlackElo "2130"]
[EventDate "1991.08.??"]
[PlyCount "82"]

1.d4 Nf6 2.c4 c5 3.d5 e6 4.Nc3 exd5 5.cxd5 Bd6 6.g3 Be5 7.Bg2 O-O 8.e3 Re8
9.Nge2 d6 10.O-O a6 11.a4 Bf5 12.Re1 h6 13.e4 Bg4 14.f3 Bxc3 15.Nxc3 Bh5 
16.Qd3 Nbd7 17.f4 Bg6 18.Kh1 Rb8 19.a5 Qc8 20.b3 b5 21.axb6 Rxb6 22.Nb1 
Qb7 23.Bd2 Rxb3 24.Qxa6 Qxa6 25.Rxa6 Bxe4 26.Bxe4 Nxe4 27.Nc3 Ndf6 28.Nxe4
Rxe4 29.Rc1 Re2 30.Bc3 Nxd5 31.Ba1 Rd3 32.Rxd6 Rdd2 33.Rxd5 Rxd5 34.Bc3 
Rd3 35.Ba5 c4 36.Kg1 Ra3 37.Be1 Raa2 38.h4 Rg2+ 39.Kf1 Rh2 40.Kg1 Rag2+ 
41.Kf1 Rc2 0-1

[Event "9th WCh U20 Girls"]
[Site "Mamaia ROM"]
[Date "1991.??.??"]
[Round "?"]
[White "Johansson, Viktoria"]
[Black "Kunte, Mrunalini"]
[Result "1-0"]
[WhiteElo "2130"]
[BlackElo "2020"]
[EventDate "1991.08.??"]
[PlyCount "81"]

1.d4 Nf6 2.c4 g6 3.Nc3 Bg7 4.e4 d6 5.Be2 O-O 6.Nf3 e5 7.O-O Nc6 8.d5 Ne7 
9.b4 a5 10.bxa5 Rxa5 11.Nd2 Nd7 12.Nb3 Ra8 13.a4 f5 14.a5 Nf6 15.f3 f4 16.
c5 g5 17.cxd6 cxd6 18.Ba3 h5 19.Nb5 Ne8 20.Bb4 Ng6 21.Nd2 b6 22.Nc4 bxa5 
23.Bxa5 Rxa5 24.Rxa5 Bd7 25.Qa1 g4 26.Nbxd6 Nxd6 27.Nxd6 Qb6+ 28.Kh1 Qxd6 
29.Ra6 Qe7 30.Rxg6 g3 31.Qa7 Rf7 32.Rb1 Kh7 33.Ra6 Bf8 34.h3 Rg7 35.Bb5 
Bxh3 36.Qxe7 Bxe7 37.Ra7 Bc8 38.Rc1 h4 39.Rxc8 h3 40.Rc2 hxg2+ 41.Kxg2 1-0

[Event "9th WCh U20 Girls"]
[Site "Mamaia ROM"]
[Date "1991.??.??"]
[Round "?"]
[White "Villegas, Sandra"]
[Black "Berntsen, Sheila Barth"]
[Result "1-0"]
[WhiteElo "2025"]
[BlackElo "2125"]
[EventDate "1991.08.??"]
[PlyCount "69"]

1.e4 e6 2.d4 d5 3.Nd2 Nf6 4.e5 Nfd7 5.Bd3 c5 6.c3 b6 7.Ngf3 Ba6 8.Bxa6 
Nxa6 9.O-O b5 10.Qe2 Qb6 11.a3 Nc7 12.Rd1 a5 13.Nf1 Be7 14.Ng5 h6 15.Nh3 
O-O-O 16.b3 c4 17.bxc4 bxc4 18.a4 Rdf8 19.Bb2 f6 20.Nf4 Rhg8 21.Ng6 Rf7 
22.Nxe7+ Rxe7 23.Rdb1 Qc6 24.Ba3 Rf7 25.Qf3 g5 26.Bd6 Ne8 27.Rb5 Nxd6 28.
exd6 Qxd6 29.Rxa5 Rff8 30.Rb1 Kd8 31.Ra7 e5 32.Rb5 e4 33.Qg4 Nb6 34.Rxb6 
Qxb6 35.Qd7# 1-0

[Event "9th WCh U20 Girls"]
[Site "Mamaia ROM"]
[Date "1991.??.??"]
[Round "?"]
[White "Berntsen, Sheila Barth"]
[Black "Kunte, Mrunalini"]
[Result "0-1"]
[WhiteElo "2125"]
[BlackElo "2020"]
[EventDate "1991.08.??"]
[PlyCount "70"]

1.d4 Nf6 2.c4 g6 3.Nc3 Bg7 4.e4 d6 5.Be2 O-O 6.Nf3 e5 7.O-O Nc6 8.d5 Ne7 
9.Ne1 Nd7 10.f3 f5 11.g4 f4 12.Nd3 g5 13.b4 Ng6 14.c5 Nf6 15.Bd2 h5 16.h3 
Rf7 17.Rc1 Bf8 18.Qc2 Rh7 19.Be1 a6 20.cxd6 cxd6 21.Bf2 b5 22.a4 Bd7 23.
axb5 axb5 24.Ne1 Qe8 25.Qd3 Be7 26.Nxb5 hxg4 27.Nc7 Qf8 28.fxg4 Rc8 29.Ng2
Qh6 30.b5 Rxc7 31.Rxc7 Bxb5 32.Qf3 Bxe2 33.Qxe2 Qxh3 34.Nh4 Nxh4 35.Be1 
Nf3+ 0-1

[Event "9th WCh U20 Girls"]
[Site "Mamaia ROM"]
[Date "1991.??.??"]
[Round "?"]
[White "Gjergji, Rozana"]
[Black "Peptan, Corina-Isabela"]
[Result "0-1"]
[WhiteElo "2065"]
[BlackElo "2050"]
[EventDate "1991.08.??"]
[PlyCount "66"]

1.e4 c5 2.d4 cxd4 3.c3 dxc3 4.Nxc3 e6 5.Bf4 a6 6.Rc1 Nc6 7.Nf3 Bc5 8.Qd2 
Nge7 9.e5 Ng6 10.Bg3 O-O 11.a3 Bb6 12.Bd3 d5 13.exd6 f5 14.Ng5 f4 15.Nxh7 
Kxh7 16.Bxf4 e5 17.Bxg6+ Kxg6 18.Bg3 Bf5 19.O-O Bd4 20.Rcd1 Qxd6 21.Rfe1 
Rad8 22.Bh4 Rde8 23.g4 Bd7 24.Qd3+ Kf7 25.Ne4 Qh6 26.Bg5 Qe6 27.h3 Kg8 28.
Be3 Qg6 29.Kh2 Rf3 30.Kg2 Ref8 31.Nc5 Qxd3 32.Rxd3 Bxc5 33.Rxd7 Bxe3 0-1

[Event "9th WCh U20 Girls"]
[Site "Mamaia ROM"]
[Date "1991.??.??"]
[Round "?"]
[White "Fruteau, Sabine"]
[Black "Hernandez Bonilla, Amelia"]
[Result "1-0"]
[WhiteElo "2050"]
[BlackElo "2055"]
[EventDate "1991.08.??"]
[PlyCount "75"]

1.e4 c5 2.Nf3 d6 3.c3 Nf6 4.Bd3 Nc6 5.O-O g6 6.Re1 Bg7 7.Bc2 O-O 8.h3 b5 
9.d4 Nd7 10.Be3 a5 11.Nbd2 b4 12.Ba4 Qc7 13.Rc1 bxc3 14.bxc3 Ncb8 15.Rb1 
Ba6 16.Bb5 Rc8 17.Qa4 Nc6 18.Rec1 Bxb5 19.Rxb5 Nd8 20.Nc4 Nb7 21.Nfd2 Ra6 
22.Rcb1 Nd8 23.Rxa5 Rxa5 24.Qxa5 Qxa5 25.Nxa5 cxd4 26.cxd4 Rc2 27.a4 Ne6 
28.Rb7 Ndf8 29.Ndb3 Ra2 30.Rb4 f5 31.d5 Nc7 32.f3 fxe4 33.fxe4 Ne8 34.Nc6 
Kf7 35.Rb7 Bf6 36.a5 Re2 37.a6 Rxe3 38.a7 1-0

[Event "9th WCh U20 Girls"]
[Site "Mamaia ROM"]
[Date "1991.??.??"]
[Round "?"]
[White "Peptan, Corina-Isabela"]
[Black "Fruteau, Sabine"]
[Result "1-0"]
[WhiteElo "2050"]
[BlackElo "2050"]
[EventDate "1991.08.??"]
[PlyCount "153"]

1.e4 e5 2.Nf3 Nc6 3.Bc4 Bc5 4.c3 Nf6 5.d3 a6 6.b4 Ba7 7.O-O O-O 8.Nbd2 d5 
9.exd5 Nxd5 10.Ne4 Bf5 11.Bg5 f6 12.Bd2 Kh8 13.Qe2 Qd7 14.Rfd1 Rae8 15.
Bxd5 Qxd5 16.Nh4 Be6 17.Be3 Bxe3 18.fxe3 Qd8 19.Nc5 f5 20.g3 Bc8 21.e4 f4 
22.Qh5 Qf6 23.Rf1 g6 24.Qf3 b6 25.Nb3 Qg5 26.Qg2 Qh6 27.Rae1 g5 28.Nf5 
Bxf5 29.exf5 Rxf5 30.d4 Ref8 31.gxf4 exf4 32.Kh1 Qg6 33.d5 f3 34.Qg3 Rxd5 
35.Rxf3 Rdf5 36.Rxf5 Qxf5 37.Kg1 Qf3 38.Qxf3 Rxf3 39.Re8+ Kg7 40.Rc8 Rf7 
41.Ra8 Ne7 42.c4 Rf4 43.c5 Rxb4 44.Rxa6 Nd5 45.cxb6 cxb6 46.Nd2 Ne3 47.Kf2
Ng4+ 48.Kg3 h5 49.h4 gxh4+ 50.Kxh4 Kg6 51.a3 Rd4 52.Nf3 Rd6 53.a4 Ne3 54.
Ne5+ Kf5 55.a5 Rd4+ 56.Kxh5 b5 57.Rb6 Rd5 58.a6 Nc4 59.Nxc4 bxc4 60.a7 Ra5
61.Rb5+ Rxb5 62.a8=Q Re5 63.Qf3+ Ke6+ 64.Kg4 Kd6 65.Kf4 Rd5 66.Qc3 Rc5 67.
Ke4 Rc6 68.Qe5+ Kd7 69.Kd5 Ra6 70.Qg7+ Ke8 71.Kxc4 Rc6+ 72.Kd5 Rc1 73.Qe5+
Kd7 74.Qf5+ Ke8 75.Qh5+ Kd7 76.Qg4+ Ke8 77.Kd6 1-0

[Event "9th WCh U20 Girls"]
[Site "Mamaia ROM"]
[Date "1991.??.??"]
[Round "?"]
[White "Orita, Ana-Maria"]
[Black "Gjergji, Rozana"]
[Result "1/2-1/2"]
[WhiteElo "2025"]
[BlackElo "2065"]
[EventDate "1991.08.??"]
[PlyCount "71"]

1.Nf3 Nf6 2.c4 e6 3.g3 c6 4.Bg2 d5 5.O-O Nbd7 6.Qc2 Bd6 7.d4 b6 8.b3 Bb7 
9.Nbd2 Rc8 10.Bb2 c5 11.Rac1 O-O 12.Qb1 Qe7 13.cxd5 exd5 14.e3 Ne4 15.Rcd1
f5 16.Qa1 Ndf6 17.dxc5 bxc5 18.Ne5 Bxe5 19.Bxe5 Ng4 20.Nxe4 fxe4 21.Bf4 g5
22.Bh3 h5 23.Bxg4 hxg4 24.Qe5 Qxe5 25.Bxe5 Rf5 26.Bb2 Rcf8 27.Rd2 d4 28.
Re1 d3 29.Rc1 Ba6 30.Ba3 Rc8 31.Bb2 c4 32.Bd4 c3 33.Rxc3 Rxc3 34.Bxc3 Rc5 
35.Bb4 Rc1+ 36.Kg2 1/2-1/2

[Event "9th WCh U20 Girls"]
[Site "Mamaia ROM"]
[Date "1991.??.??"]
[Round "?"]
[White "Gjergji, Rozana"]
[Black "Kunte, Mrunalini"]
[Result "1/2-1/2"]
[WhiteElo "2065"]
[BlackElo "2020"]
[EventDate "1991.08.??"]
[PlyCount "56"]

1.e4 c5 2.d4 cxd4 3.c3 dxc3 4.Nxc3 e6 5.Bf4 a6 6.Nf3 Bc5 7.Rc1 d6 8.Bc4 b5
9.Bb3 Ne7 10.e5 Ng6 11.Bg3 O-O 12.exd6 Qb6 13.O-O Bb7 14.Ng5 Nd7 15.Nxe6 
fxe6 16.Bxe6+ Kh8 17.Bxd7 Rad8 18.Bh3 Bxd6 19.Qc2 Nf4 20.Bxf4 Bxf4 21.Rcd1
Qc7 22.g3 Qc6 23.Qe4 Qxe4 24.Nxe4 Bxe4 25.Rxd8 Rxd8 26.gxf4 g6 27.f3 Bf5 
28.Bxf5 gxf5 1/2-1/2

[Event "9th WCh U20 Girls"]
[Site "Mamaia ROM"]
[Date "1991.??.??"]
[Round "?"]
[White "Kunte, Mrunalini"]
[Black "Fruteau, Sabine"]
[Result "1-0"]
[WhiteElo "2020"]
[BlackElo "2050"]
[EventDate "1991.08.??"]
[PlyCount "85"]

1.d4 d5 2.c4 e6 3.Nc3 Be7 4.Nf3 Nf6 5.Bg5 h6 6.Bxf6 Bxf6 7.e3 O-O 8.Qc2 
Nd7 9.cxd5 e5 10.dxe5 Nxe5 11.Be2 Bd7 12.O-O c6 13.Rfd1 Qa5 14.Rac1 Rac8 
15.Nxe5 Bxe5 16.Bf3 cxd5 17.Bxd5 Bc6 18.Bxc6 Rxc6 19.Qb3 Bxc3 20.Rxc3 Rb6 
21.Qa4 Qh5 22.Rcd3 Qe5 23.Rd4 g6 24.h3 Qf6 25.R1d2 a6 26.Rd7 Re8 27.Rc7 
Qe5 28.Qc4 Qf5 29.b3 Rf8 30.Qd4 Qa5 31.Rdc2 Rc6 32.R7xc6 bxc6 33.Qc3 Qxc3 
34.Rxc3 Rc8 35.Rd3 a5 36.Rd4 c5 37.Ra4 Ra8 38.Rc4 Rc8 39.a3 a4 40.b4 Kf8 
41.Kf1 Ke7 42.Ke2 Ke6 43.e4 1-0

[Event "9th WCh U20 Girls"]
[Site "Mamaia ROM"]
[Date "1991.??.??"]
[Round "?"]
[White "Villegas, Sandra"]
[Black "Domuta, Adriana"]
[Result "0-1"]
[WhiteElo "2025"]
[BlackElo "2035"]
[EventDate "1991.08.??"]
[PlyCount "122"]

1.e4 c5 2.Nf3 d6 3.d4 cxd4 4.Nxd4 Nf6 5.Nc3 e6 6.g3 Nc6 7.Be3 Bd7 8.Bg2 
Be7 9.Ndb5 Qb8 10.Bf4 Ne5 11.Bg5 O-O 12.f4 Nc4 13.Qd3 Nb6 14.O-O Rd8 15.
Bxf6 Bxb5 16.Nxb5 Bxf6 17.c3 a6 18.Nd4 Qc7 19.f5 e5 20.Nb3 Nc4 21.Qe2 Bg5 
22.Kh1 Ne3 23.Rf2 Nxg2 24.Rxg2 d5 25.h4 Be7 26.exd5 Rxd5 27.Qg4 Rad8 28.
Rf1 f6 29.h5 b5 30.h6 Bf8 31.hxg7 Qxg7 32.Qe2 Qd7 33.Qg4+ Qg7 34.Qe2 Qd7 
35.Qg4+ Kh8 36.Kh2 Qg7 37.Qe2 Rd3 38.Kg1 Rxg3 39.Rf2 Rxg2+ 40.Rxg2 Qa7+ 
41.Kh1 Qd7 42.Qg4 Qd1+ 43.Kh2 Qxg4 44.Rxg4 Rd1 45.Rg1 Rd3 46.Rg3 e4 47.
Rxd3 exd3 48.Kg3 Bh6 49.Kf3 Bc1 50.Nc5 Bxb2 51.Ne4 a5 52.Ke3 b4 53.cxb4 
axb4 54.Kxd3 Kg7 55.Ke3 Kh6 56.Kf4 Kh5 57.Ng3+ Kh4 58.Ne4 Be5+ 59.Kf3 h5 
60.Nc5 Kg5 61.Nd3 Bc3 0-1

[Event "9th WCh U20 Girls"]
[Site "Mamaia ROM"]
[Date "1991.??.??"]
[Round "?"]
[White "Orita, Ana-Maria"]
[Black "Villegas, Sandra"]
[Result "1-0"]
[WhiteElo "2025"]
[BlackElo "2025"]
[EventDate "1991.08.??"]
[PlyCount "133"]

1.d4 Nf6 2.c4 e6 3.Nf3 d5 4.Nc3 Bb4 5.a3 Bxc3+ 6.bxc3 Ne4 7.Qb3 O-O 8.Bf4 
c5 9.e3 Nc6 10.Bd3 dxc4 11.Qxc4 Na5 12.Qb5 Nxc3 13.Qxc5 Nd5 14.Rb1 Nxf4 
15.exf4 h6 16.O-O b6 17.Qe5 Bb7 18.Rfc1 Rc8 19.f5 Qf6 20.Qxf6 gxf6 21.fxe6
fxe6 22.Re1 Kf7 23.Be4 Rc3 24.Bxb7 Nxb7 25.Re4 Nd6 26.Re2 Rfc8 27.Rbe1 Re8
28.Re3 Rc2 29.R3e2 Rxe2 30.Rxe2 Rc8 31.h3 Rc3 32.Ra2 Nf5 33.a4 Rc4 34.a5 
b5 35.a6 Nxd4 36.Nxd4 Rxd4 37.Rb2 Rd5 38.Rc2 Rd1+ 39.Kh2 Ke7 40.Rc7+ Rd7 
41.Rb7 Kd6 42.Rxb5 Kc6 43.Rb2 e5 44.g3 h5 45.Kg2 Kc7 46.h4 Kd6 47.Kf3 f5 
48.Rb8 Rh7 49.Ke3 Ke6 50.Re8+ Kf6 51.Rc8 Rd7 52.Rc6+ Kg7 53.Re6 Rd5 54.
Re7+ Kg6 55.Rxa7 Ra5 56.Ra8 Ra3+ 57.Kd2 Kg7 58.Kc2 e4 59.Kb2 Ra5 60.Kb3 
Ra1 61.Kb4 Rb1+ 62.Kc4 Ra1 63.Kb5 Rb1+ 64.Kc6 Ra1 65.a7 Ra2 66.Kd6 Ra5 67.
Ke6 1-0